Statistics for Cloudiest States

Click here to take the quiz!

General Stats

  • This quiz has been taken 42 times
  • The average score is 8 of 10

Answer Stats

Cloudless DaysState% Correct
52Washington
98%
60Oregon
95%
44Alaska
90%
53New York
90%
66Ohio
85%
58Vermont
85%
70Michigan
83%
63West Virginia
73%
82Connecticut
68%
73Montana
68%

Score Distribution

Percentile by Number Answered

Percent of People with Each Score

Your Score History

You have not taken this quiz